| 000 | 00564nam a22001817a 4500 | ||
|---|---|---|---|
| 003 | CEME | ||
| 005 | 20210628203430.0 | ||
| 008 | 210122b xxu||||| |||| 00| 0 eng d | ||
| 020 | _a3-540-20458-X | ||
| 040 | _cceme | ||
| 082 | _a42890 | ||
| 100 |
_aKaltenbacher, Manfred _965420 |
||
| 245 | _aNumerical simulation of mechatronic sensors and actuators | ||
| 260 |
_aNEW YORK _bSPRINGER _c2004 |
||
| 300 | _aXV,311 P | ||
| 650 |
_aMICROELECTROMECHANICAL SYSTEMS, MECHATRONICS.NUMERICAL SIMULATION OF MECHATRONIC SENSORS AND ACTUATORS _965421 |
||
| 942 |
_cBK _2ddc |
||
| 999 |
_c573636 _d573636 |
||